| 000 | 00000nas##2200000za#4500 |
|---|---|
| 001 | 9.513187 |
| 003 | CaOODSP |
| 005 | 20240212134141 |
| 007 | ta |
| 008 | 150406c1998||||xxc|| m #||||f| |0fre|d |
| 040 | |aCaOODSP|bfre |
| 043 | |an-cn--- |
| 086 | 1 |aNe22-1F |
| 110 | 1 |aCanada. |bOffice national de l'énergie. |
| 245 | 10|aMotifs de décision |
| 260 | |aCalgary - Alberta : |bOffice national de l'énergie |
| 563 | |aCouverture souple |